[Event "Mogliano Veneto op-B 43th"]
[Site "Mogliano Veneto"]
[Date "2023.04.23"]
[Round "2"]
[White "Girardini, Rossella"]
[Black "Rizzonelli, Simone"]
[Result "0-1"]
[WhiteElo "999"]
[BlackElo "1291"]
[PlyCount "64"]
[EventDate "2023.04.23"]
[EventType "swiss"]
[EventRounds "5"]
[EventCountry "ITA"]
[SourceTitle "EXT 2024"]
[Source "ChessBase"]
[SourceDate "2023.10.10"]
[SourceVersion "1"]
[SourceVersionDate "2023.10.10"]
[SourceQuality "1"]

1. d4 Nf6 2. Nf3 c5 3. Bf4 cxd4 4. Nxd4 e5 5. Bxe5 Qa5+ 6. c3 Qxe5 7. Nf3 Qc7 8. e3 Be7 9. Bd3 d5 10. Nd4 Nc6 11. Bb5 0-0 12. 0-0 a6 13. Ba4 Bd7 14. Bb3 Rfe8 15. h3 Nxd4 16. exd4 Qf4 17. Nd2 Bd6 18. Nf3 Re6 19. Ne5 Bxe5 20. dxe5 Rxe5 21. Re1 Rg5 22. Re3 Ne4 23. Qe2 Bb5 24. c4 dxc4 25. Bc2 Nf6 26. a4 Bc6 27. f3 Nd5 28. Re4 Qg3 29. Rg4 Rxg4 30. hxg4 Re8 31. Be4 Nf4 32. Qf2 Nh3+ 0-1